[Event "2025 NY TNM: u1600"]
[Site "San Francisco"]
[Date "2025.01.28"]
[Round "4.6"]
[White "Bayaraa, Bilguun"]
[Black "Starr, Albert Martin"]
[Result "1-0"]
[WhiteElo "1359"]
[BlackElo "1530"]
[PlyCount "93"]
[GameId "2139604732018856"]
[EventDate "2025.??.??"]

{[%evp 0,93,33,-5,49,29,76,49,28,17,64,40,71,50,59,94,75,72,72,82,36,86,87,83,77,23,87,-5,76,124,91,79,72,19,59,80,59,44,-26,30,48,237,83,42,194,112,113,62,100,232,210,174,219,188,195,174,134,214,256,100,259,302,292,324,336,299,227,307,317,354,491,393,509,519,571,542,335,541,615,311,536,638,661,581,620,629,650,701,744,690,956,1061,932,804,719,814]} 1. d4 {[%emt 0:00:02]} b5 {[%emt 0:00:05]} 2. e3 {[%emt 0:00:38]} Bb7 {[%emt 0:00:07]} 3. Nf3 {[%emt 0:00:28]} a6 {[%emt 0:00:05]} 4. c4 {[%emt 0:00:27]} b4 {[%emt 0:00:30]} (4... bxc4 5. Bxc4 e6 6. O-O Nf6 7. Nc3 d5 8. Bd3 Nbd7 9. Ne5 c5 10. f4 cxd4 11. exd4 Be7 12. Kh1 O-O 13. Qf3 Rc8 14. Qh3 Ne4 15. Ne2 Ndf6 16. b3 a5 17. g4 Qd6 18. g5 Ne8 19. a4 Qd8 20. Rf3 N8d6 21. Ng3 g6 22. Qh6 Qb6 23. Nxe4 dxe4 24. Rh3 exd3+ 25. Kg1 Qxd4+ 26. Kf1 Rxc1+ 27. Rxc1 Qxf4+ 28. Nf3 Qxc1+ 29. Ne1 Qf4+ 30. Nf3 Qxf3+ 31. Rxf3 Bxf3 {0-1 Sarana,A (2693)-Nihal,S (2694) Chess.com Speed Chess Chess.com INT blitz 2023 (1)}) 5. a3 {[%emt 0:06:43]} e6 {[%emt 0:00:09]} 6. Bd2 {[%emt 0:01:40]} a5 {[%emt 0:00:22]} 7. axb4 {[%emt 0:07:57]} Bxb4 {[%emt 0:00:27]} 8. Bxb4 {[%emt 0:00:20]} axb4 {[%emt 0:00:08]} 9. Rxa8 {[%emt 0:02:50]} Bxa8 {[%emt 0:00:07] [#]} 10. Be2 $146 {[%emt 0:05:10]} (10. Qa4 Nc6 11. Nbd2 Nf6 12. Be2 O-O 13. O-O Qe7 14. Ra1 g6 15. Ne1 Bb7 16. Nd3 Ra8 17. Qd1 d6 18. Rxa8+ Bxa8 19. Qa4 Qd8 20. Bf3 d5 21. cxd5 Nxd5 22. Bxd5 exd5 23. Nc5 Qb8 24. Nf3 Kg7 25. Ne1 Ne7 26. Ned3 {1-0 Burmakin,V (2504)-Wheeler,C (2406) Titled Tuesday intern op 6th Nov Chess.com INT blitz 2018 (6)}) 10... Nf6 {[%emt 0:00:13]} 11. O-O {[%emt 0:01:01]} O-O {[%emt 0:00:06]} 12. Nbd2 {[%emt 0:07:49]} d6 {[%emt 0:00:08]} 13. Qa4 {[%emt 0:04:10]} Bxf3 {[%emt 0:00:09]} 14. Bxf3 {[%emt 0:06:34]} c5 {[%emt 0:00:08]} 15. Nb3 {[%emt 0:01:08]} Nbd7 {[%emt 0:00:25]} 16. Qb5 {[%emt 0:12:25]} Qc7 {[%emt 0:01:50]} 17. Ra1 {[%emt 0:02:46]} Rb8 {[%emt 0:00:34]} 18. Qa6 {[%emt 0:02:35]} g6 {[%emt 0:01:11]} 19. Qa7 {[%emt 0:02:15]} Qxa7 {[%emt 0:00:35]} 20. Rxa7 Nb6 {[%emt 0:00:17]} 21. Nd2 {[%emt 0:03:01]} Nc8 {[%emt 0:03:50]} 22. Ra5 {[%emt 0:04:02]} Nd7 {[%emt 0:03:46]} 23. b3 {[%emt 0:01:45]} e5 {[%emt 0:00:21]} 24. Bc6 {[%emt 0:02:37]} Ndb6 {[%emt 0:00:48]} 25. dxc5 {[%emt 0:08:50]} dxc5 {[%emt 0:00:08]} 26. Rxc5 {[%emt 0:00:07]} Ne7 {[%emt 0:00:07]} 27. Bd5 {[%emt 0:00:46]} Rd8 {[%emt 0:00:57]} 28. e4 {[%emt 0:00:31]} Kf8 {[%emt 0:02:10]} 29. Rb5 {[%emt 0:01:46]} Nd7 {[%emt 0:01:32]} 30. Rxb4 {[%emt 0:01:15]} Nc5 {[%emt 0:01:17]} 31. Kf1 {[%emt 0:02:19]} f5 {[%emt 0:01:21]} 32. f3 {[%emt 0:00:39]} Nd3 {[%emt 0:01:42]} 33. Rb6 {[%emt 0:01:53]} Nxd5 {[%emt 0:01:25]} 34. exd5 {[%emt 0:03:47]} Rd7 {[%emt 0:00:31]} 35. g3 {[%emt 0:01:59]} Kf7 {[%emt 0:04:45]} 36. Ke2 {[%emt 0:00:15]} Nc5 {[%emt 0:00:26]} 37. Rc6 {[%emt 0:00:32]} Nb7 {[%emt 0:00:12]} 38. b4 {[%emt 0:00:22]} g5 {[%emt 0:00:44]} 39. Re6 {[%emt 0:01:06]} Re7 {[%emt 0:01:03]} 40. Rxe7+ {[%emt 0:00:03]} Kxe7 {[%emt 0:00:07]} 41. c5 {[%emt 0:00:15]} h5 {[%emt 0:01:15]} 42. Nc4 {[%emt 0:00:16]} e4 {[%emt 0:01:42]} 43. fxe4 {[%emt 0:00:10]} fxe4 {[%emt 0:00:08]} 44. Ke3 {[%emt 0:00:05]} g4 {[%emt 0:00:44]} 45. Kxe4 {[%emt 0:00:09]} Nd8 {[%emt 0:00:20]} 46. Ne5 {[%emt 0:00:26]} Nb7 {[%emt 0:00:38]} 47. Kf5 {[%emt 0:00:44]} 1-0

[Event "2025 NY TNM: u1600"]
[Site "San Francisco"]
[Date "2025.01.28"]
[Round "4.27"]
[White "Hollon, Nick"]
[Black "Madden, Dahlia"]
[Result "1-0"]
[Annotator "Winslow,Elliott"]
[WhiteElo "1295"]
[BlackElo "1195"]
[PlyCount "59"]
[GameId "2139604732031145"]
[EventDate "2025.??.??"]

1. e4 e6 2. d4 d5 3. e5 c5 4. c3 Nc6 5. Nf3 Qb6 6. Bd3 cxd4 7. O-O $1 {[%mdl 4] is recently more successful than 7.cxd4.} (7. cxd4 Bd7 8. O-O Nxd4 9. Nbd2 Nxf3+ 10. Nxf3 Bc5 11. b4 Qxb4 12. Rb1 Qa4 13. Qe2 Bc6 14. Be3 Bxe3 15. fxe3 Ne7 16. Nd4 O-O 17. Rf4 Qa3 18. Rb3 Qc1+ 19. Rf1 Qc5 20. Qh5 g6 21. Qg5 Rae8 22. h4 Nc8 23. h5 Qe7 24. Rf6 Nb6 25. hxg6 fxg6 26. Bxg6 Qg7 27. Bxh7+ Kh8 28. Rg6 Qxh7 29. Rh6 Rf7 30. e4 {1-0 Ivic,V (2620)-Tregubov,P (2554) Titled Tuesday intern op 07th Jan Early Chess.com INT blitz 2025 (7)}) 7... Bd7 8. Re1 Nge7 9. h4 {[#]} h6 10. h5 O-O-O 11. Nbd2 {[#]} g5 $146 (11... f6 12. a4 fxe5 13. Nxe5 Nxe5 14. Rxe5 Nc6 15. a5 Qc7 16. Re1 e5 17. cxd4 Nxd4 18. Nb3 Nxb3 19. Qxb3 e4 20. Bf1 Bc6 21. g3 Bd6 22. Be3 d4 23. Bxd4 Bxg3 24. Bh3+ Kb8 25. Qe3 Bh2+ 26. Kf1 Bf4 27. Bxa7+ Ka8 28. Bb6 Qd6 29. Qa3 Qd3+ 30. Qxd3 Rxd3 31. Bf5 Re8 32. Red1 Bb5 33. Kg1 Re5 34. Rxd3 Bxd3 35. Bg6 Be2 36. Ra3 Rg5+ 37. Kh1 Bf3+ 38. Rxf3 exf3 39. Be4 Rxh5+ 40. Kg1 Rb5 41. Bxf3 {0-1 Kovalskyi,R (2056)-Tichy,S (2207) Pardubice rapid op 33rd 2022 (6)}) 12. hxg6 Nxg6 13. Nb3 dxc3 14. bxc3 Rg8 15. Be3 Qc7 16. Bd4 Nf4 17. Bf1 Be7 18. Qd2 Rg4 19. Kh1 Bg5 20. Nh2 {[#]} Nxg2 21. Qd1 Rxd4 22. cxd4 Nxe1 23. Qxe1 Rg8 24. Bh3 Qb6 25. Qd1 Kb8 26. Nc5 Bc8 27. Rb1 Qc7 28. Na6+ Ka8 29. Nxc7+ Kb8 30. Nb5 1-0

[Event "2025 NY TNM: u1600"]
[Site "San Francisco"]
[Date "2025.01.28"]
[Round "4.28"]
[White "Brickhouse, Christian"]
[Black "D'Mello, Sanjay"]
[Result "0-1"]
[WhiteElo "1280"]
[BlackElo "1532"]
[PlyCount "28"]
[GameId "2139604732031146"]
[EventDate "2025.??.??"]

1. d4 d5 2. c4 dxc4 3. e3 Nf6 4. Bxc4 Bf5 $6 5. Nc3 e6 6. Nge2 a6 7. a4 Bd6 $6 8. O-O $6 Bxh2+ $2 9. Kxh2 Ng4+ 10. Kg3 $1 Qg5 11. e4 $4 Ne3+ $1 12. Kf3 Bg4+ $1 13. Kg3 Bxe2+ 14. Kh2 Qxg2# 0-1

[Event "2025 NY TNM: u1600"]
[Site "San Francisco"]
[Date "2025.01.28"]
[Round "4.29"]
[White "Dash, Satyakam"]
[Black "Trosen, Lawrence R"]
[Result "1-0"]
[WhiteElo "1480"]
[BlackElo "1261"]
[PlyCount "41"]
[GameId "2139604732035243"]
[EventDate "2025.??.??"]

1. e4 b6 2. d4 d5 3. e5 Bf5 4. Nf3 e6 5. Bd3 Ne7 6. O-O h6 7. Nc3 a6 8. Be3 Nbc6 9. a3 Bg4 10. h3 Nf5 11. hxg4 Nxe3 12. fxe3 Be7 13. Qe1 Kd7 14. Nxd5 h5 15. Nxe7 Nxe7 16. Ng5 Qe8 17. Rxf7 hxg4 18. d5 Rh6 19. Qb4 Qh8 20. Qxe7+ Kc8 21. Qxc7# 1-0

[Event "2025 NY TNM: u1600"]
[Site "San Francisco"]
[Date "2025.01.28"]
[Round "4.30"]
[White "Stults, Sawyer"]
[Black "Braithwaite, Andrew"]
[Result "1-0"]
[WhiteElo "1348"]
[BlackElo "931"]
[PlyCount "123"]
[GameId "2139604732039340"]
[EventDate "2025.??.??"]

1. e4 c5 2. d4 cxd4 3. c3 g6 4. cxd4 d5 5. exd5 Nf6 6. Bb5+ Nbd7 7. Nc3 a6 8. Qa4 Bg7 9. Nf3 O-O 10. Bxd7 Nxd7 11. Bf4 b5 12. Qb3 Bb7 13. O-O Nf6 14. Rfe1 Bxd5 15. Nxd5 Nxd5 16. Be5 e6 17. Qd3 Rc8 18. a3 Bh6 19. Nd2 Qg5 20. Ne4 Nf4 21. Qf3 Qf5 22. Nf6+ Kh8 23. Nh5+ f6 24. Bxf4 g5 25. Bd6 Qg6 26. Bxf8 Rxf8 27. g4 f5 28. Ng3 Bg7 29. gxf5 exf5 30. Qd5 f4 31. Re6 Qd3 32. Qe4 Qb3 33. Nh5 Qh3 34. Nxf4 Rxf4 35. Re8+ Rf8 36. Rxf8+ Bxf8 37. Rc1 Qh6 38. Rc8 Qf6 39. Qe5 Qxe5 40. dxe5 Kg7 41. e6 Be7 42. Ra8 Kf6 43. Rxa6 Ke5 44. Rb6 Bd6 45. Rxb5+ Kxe6 46. Rxg5 Bf4 47. Rg4 Bc1 48. Rb4 Kd5 49. a4 Bd2 50. Rb8 Kc6 51. b4 Bf4 52. b5+ Kc7 53. Rf8 Bd2 54. Rf7+ Kb6 55. Rxh7 Bb4 56. Rh6+ Kb7 57. f4 Bd2 58. Rh7+ Kb6 59. f5 Ka5 60. f6 Kxa4 61. f7 Bb4 62. b6 1-0

[Event "2025 NY TNM: u1600"]
[Site "San Francisco"]
[Date "2025.01.28"]
[Round "4.31"]
[White "Toczyski, David Paul"]
[Black "Fisher, Brett"]
[Result "1/2-1/2"]
[WhiteElo "1294"]
[BlackElo "1394"]
[PlyCount "47"]
[GameId "2139604732047533"]
[EventDate "2025.??.??"]

1. e4 c5 2. Nf3 d6 3. d4 cxd4 4. Nxd4 Nf6 5. Nc3 g6 6. f3 Bg7 7. Be3 O-O 8. Qd2 Nc6 9. O-O-O Bd7 10. h4 h5 11. Be2 Ne5 12. Rdg1 Qa5 13. Nb3 Qc7 14. Nb5 Bxb5 15. Bxb5 Nc4 16. Bxc4 Qxc4 17. Qd4 Rac8 18. Qxc4 Rxc4 19. c3 a5 20. Rd1 Nd7 21. Bd4 Bxd4 22. Rxd4 Ne5 23. Rxc4 Nxc4 24. Re1 1/2-1/2

[Event "2025 NY TNM: u1600"]
[Site "San Francisco"]
[Date "2025.01.28"]
[Round "4.33"]
[White "Hack, Richard"]
[Black "Karwat, Joseph"]
[Result "1/2-1/2"]
[Annotator "Winslow,Elliott"]
[WhiteElo "1500"]
[BlackElo "1367"]
[PlyCount "98"]
[GameId "2139604732051631"]
[EventDate "2025.??.??"]

1. e4 e6 2. d4 d5 3. e5 c5 4. c3 Nc6 5. Nf3 Qb6 6. Bd3 Nge7 7. dxc5 Qxc5 8. Nbd2 Ng6 9. Nb3 Qb6 10. Qe2 Qc7 11. Bxg6 hxg6 12. Bf4 a6 13. O-O Na5 14. Nxa5 Qxa5 15. Rfd1 b5 16. Ng5 Qc7 17. Bg3 Be7 18. Nf3 Bd7 19. Rd4 Rc8 20. Rg4 Qd8 21. Qd3 Rc4 22. Rd4 Bc5 23. Rxc4 bxc4 24. Qd2 Be7 25. Qd4 g5 26. b3 Bb5 27. a4 {[#]} cxb3 28. axb5 b2 29. Rb1 Qa5 30. Qd2 Ba3 31. bxa6 O-O 32. Rxb2 Bxb2 33. Qxb2 Qxa6 34. h3 Rc8 35. Nxg5 Qd3 36. Qb7 Rf8 37. Qb4 Rc8 38. Qb7 Rf8 39. Qc7 Qb1+ 40. Kh2 Qb8 41. Qa5 Rc8 42. Qa3 Qc7 43. Bf4 Qxc3 44. Qa7 Qc7 45. Qd4 Qc4 46. Qa7 Qc7 47. Qa3 Qc3 48. Qe7 Qc7 49. Qb4 Qc4 1/2-1/2

[Event "2025 NY TNM: u1600"]
[Site "San Francisco"]
[Date "2025.01.28"]
[Round "4.35"]
[White "Vazquez, Dominic A"]
[Black "Mackley, Merlin Ethan"]
[Result "1/2-1/2"]
[WhiteElo "1312"]
[BlackElo "1182"]
[PlyCount "69"]
[GameId "2139604732051632"]
[EventDate "2025.??.??"]

1. d4 Nf6 2. c4 g6 3. g3 Bg7 4. Nf3 d6 5. Bg2 O-O 6. Nc3 Nc6 7. O-O Re8 8. Bf4 Nh5 9. Be3 Bg4 10. h3 Bxf3 11. Bxf3 e5 12. d5 Nd4 13. Bxd4 exd4 14. Na4 Nf6 15. Qxd4 Qd7 16. Nc3 Ne4 17. Qd3 Nxc3 18. bxc3 Qxh3 19. Rab1 Be5 20. Bg2 Qc8 21. Rb3 b6 22. Re1 Bg7 23. e4 Qd8 24. Re3 Bh6 25. f4 Re7 26. Rb1 Qe8 27. Rbe1 Qa4 28. R3e2 f6 29. Qd4 Bg7 30. g4 Rae8 31. Qd3 Qd7 32. Bh3 Qa4 33. Kf2 Bh6 34. Kf3 g5 35. f5 1/2-1/2

[Event "2025 NY TNM: u1600"]
[Site "San Francisco"]
[Date "2025.01.28"]
[Round "4.36"]
[White "Pirone, John"]
[Black "Rushton, Peter James"]
[Result "1-0"]
[WhiteElo "1004"]
[BlackElo "1267"]
[PlyCount "79"]
[GameId "2139604732051633"]
[EventDate "2025.??.??"]

1. e4 e5 2. Nf3 Nc6 3. Bc4 h6 4. d4 d6 5. dxe5 Bg4 6. exd6 Bxd6 7. Nc3 Bxf3 8. Bxf7+ Kxf7 9. Qxf3+ Nf6 10. Be3 Ne5 11. Qe2 Rf8 12. f4 Ng6 13. Qc4+ Ke8 14. e5 Ng4 15. Qe6+ Ne7 16. Qxg4 Bb4 17. O-O Nf5 18. Qe2 b6 19. Rad1 Qc8 20. Bf2 Kf7 21. Qc4+ Qe6 22. Qxb4 Kg8 23. Qb3 Qxb3 24. axb3 c5 25. Nb5 Ne7 26. g3 h5 27. h4 a5 28. Rd6 Nc8 29. Rd7 a4 30. Rfd1 Kh7 31. Nd6 Na7 32. e6 Nc8 33. Nxc8 Re8 34. Nxb6 Ra6 35. R1d6 axb3 36. cxb3 Ra1+ 37. Kg2 Rc1 38. Rd8 Rxe6 39. Rxe6 Rc2 40. Nc4 1-0

[Event "2025 NY TNM: u1600"]
[Site "San Francisco"]
[Date "2025.01.28"]
[Round "4.37"]
[White "Le, Thu Anh"]
[Black "Figueroa, Jeremy Alejandro"]
[Result "1/2-1/2"]
[WhiteElo "1233"]
[BlackElo "1073"]
[PlyCount "154"]
[GameId "2139604732063922"]
[EventDate "2025.??.??"]

1. d4 d5 2. c4 e6 3. g3 Nf6 4. Bg2 Be7 5. Nf3 dxc4 6. O-O Bd7 7. Ne5 c6 8. Nxd7 Nbxd7 9. Nc3 O-O 10. e4 Nb6 11. Be3 Qc7 12. b3 c5 13. dxc5 Bxc5 14. Bxc5 Qxc5 15. Rc1 Rfd8 16. Qc2 e5 17. Nd5 Nfxd5 18. exd5 Nxd5 19. Bxd5 Rxd5 20. bxc4 Rd4 21. Qb3 b6 22. Rfd1 Rad8 23. Rxd4 exd4 24. Rd1 a6 25. Rd3 Rc8 26. Rf3 Qxc4 27. Qxb6 d3 28. Qd6 Qxa2 29. Qxd3 Qc4 30. Qd7 Rf8 31. Rf4 Qb5 32. Qa7 f5 33. Qc7 Qd5 34. Qb6 Rf6 35. Qb8+ Kf7 36. Qc7+ Kg6 37. Qc2 h6 38. h4 Qf7 39. g4 Kh7 40. Rxf5 Rxf5 41. gxf5 Qf6 42. Qd3 Kg8 43. Qd5+ Kf8 44. Qa8+ Kf7 45. Qb7+ Ke8 46. Qc8+ Qd8 47. Qxa6 Qd1+ 48. Kh2 Qg4 49. Qe6+ Kf8 50. Qd6+ Kg8 51. Qe6+ Kh8 52. Qe8+ Kh7 53. Qg6+ Qxg6 54. fxg6+ Kxg6 55. Kg3 Kf5 56. Kf3 h5 57. Kg3 Ke5 58. Kf3 Kf5 59. Kg3 Ke4 60. f3+ Kf5 61. Kh2 Kf4 62. Kg2 Ke3 63. Kg3 g6 64. Kg2 Kd4 65. Kg3 Ke5 66. Kf2 Kf4 67. Kg2 Ke3 68. Kg3 Ke2 69. Kg2 Ke1 70. Kg3 Kf1 71. f4 Ke2 72. f5 gxf5 73. Kf4 Kd3 74. Kxf5 Kd4 75. Kg5 Ke5 76. Kxh5 Kf5 77. Kh6 Kf6 1/2-1/2

[Event "2025 NY TNM: u1600"]
[Site "San Francisco"]
[Date "2025.01.28"]
[Round "4.40"]
[White "Halle, Zachary"]
[Black "Langendorf, Brian Keith"]
[Result "1-0"]
[WhiteElo "913"]
[BlackElo "746"]
[PlyCount "65"]
[GameId "2139604732072116"]
[EventDate "2025.??.??"]

1. e4 {[%emt 0:00:00]} d6 {[%emt 0:00:07]} 2. d4 {[%emt 0:00:09]} Nf6 {[%emt 0:00:09]} 3. Nc3 {[%emt 0:00:21]} g6 {[%emt 0:00:29]} 4. Be3 {[%emt 0:01:02]} Bg7 {[%emt 0:01:02]} 5. f3 {[%emt 0:01:08]} O-O {[%emt 0:00:10]} 6. Qd2 {[%emt 0:00:43]} e5 {[%emt 0:02:15]} 7. O-O-O {[%emt 0:06:14]} exd4 {[%emt 0:04:18]} 8. Bxd4 {[%emt 0:00:19]} Nc6 {[%emt 0:00:15]} 9. Be3 {[%emt 0:02:49]} Be6 {[%emt 0:02:58]} 10. Bh6 {[%emt 0:03:18]} Ne5 {[%emt 0:04:17]} 11. Bxg7 {[%emt 0:03:13]} Kxg7 {[%emt 0:00:07]} 12. h4 {[%emt 0:00:50]} Nc4 {[%emt 0:00:18]} 13. Bxc4 {[%emt 0:02:52]} Bxc4 {[%emt 0:00:09]} 14. h5 {[%emt 0:12:18]} Ng8 {[%emt 0:00:03]} 15. Qd4+ {[%emt 0:03:24]} Qf6 {[%emt 0:04:51]} 16. Qxc4 {[%emt 0:01:43]} Qg5+ {[%emt 0:00:10]} 17. Rd2 {[%emt 0:06:13]} c5 {[%emt 0:00:28]} 18. Qd5 {[%emt 0:06:57]} Qxd5 {[%emt 0:02:27]} 19. Nxd5 {[%emt 0:00:52]} Rad8 {[%emt 0:02:42]} 20. Ne2 {[%emt 0:01:05]} Nf6 {[%emt 0:00:59]} 21. h6+ {[%emt 0:01:28]} Kh8 {[%emt 0:01:46]} 22. Nxf6 {[%emt 0:00:42]} b5 {[%emt 0:00:58]} 23. Rhd1 {[%emt 0:00:51]} b4 {[%emt 0:00:17]} 24. Rxd6 {[%emt 0:01:09]} Rc8 {[%emt 0:00:34]} 25. Rd7 {[%emt 0:02:20]} a5 {[%emt 0:01:41]} 26. Ra7 {[%emt 0:01:57]} Rc6 {[%emt 0:00:07]} 27. e5 {[%emt 0:02:42]} Re6 {[%emt 0:01:05]} 28. f4 {[%emt 0:01:19]} g5 {[%emt 0:00:18]} 29. g3 {[%emt 0:01:05]} Rc6 {[%emt 0:01:05]} 30. Rdd7 {[%emt 0:01:31]} gxf4 {[%emt 0:00:37]} 31. gxf4 {[%emt 0:01:58]} Rcc8 {[%emt 0:00:14]} 32. Rxf7 {[%emt 0:01:35]} a4 {[%emt 0:00:42]} 33. Rxh7# {[%emt 0:00:22]} 1-0